00653nam a2200121Ia 4500008004100000020001800041100002100059245009900080260003900179650001200218650026000230856004100490171212s9999 xx 000 0 und d a9781607323952 aPierce, Jason E. cPierce, Jason E.aMaking the White Man's WestbWhiteness and the Creation of the American West bUniversity Press of Coloradoc2016 aHistory aWest (U.S.) -- Race relations -- History; Whites -- West (U.S.) -- History; Whites -- Race identity -- West (U.S.) -- History; British Americans -- West (U.S.) -- History; Racism -- West (U.S.) -- History; Cultural pluralism -- West (U.S.) -- History; Fro uhttp://jstor.org/stable/j.ctt19jcg63